03275nam a2200289 a 4500001001000000003000900010005001700019007000300036008004100039020001800080040003000098041000800128082002000136100004600156245005800202264005500260300002700315336002700342337003300369338002800402500007400430500007100504500015700575505201700732505013002749586010602879000046027DO-SdBNP20250130122532.0ta150611s2011 pr 000 0 spa d a9789993469148 aDO-SdBNPbspacBNPHUerda hspa axxxxbF727p2221 aFornerín, Miguel Ángel,d1960-eautor14aLas palabras sublevadas /cMiguel Ángel Fornerín. aPuerto Rico :b[Miguel Ángel Fornerín],c2011. a178 páginas ;c23 cm ardacontentbtexto2txt ardamediabsin mediación2n ardacarrierbvolumen2nc aIncluye referencias bibliográficas y notas al pie de las páginas. aIncluye datos biográficos del autor en la solapa de la cubierta. aEsta obra se publica gracias al aporte del Fondo Institucional para el Desarrollo de la Investigación (FIDI) de la Universidad de Puerto Rico en Cayey0 aLas sublevaciones de Miguel Ángel Fornerín, Eugenio García Cuevas --tEl fin de la epicidad : autor y lector crítico de un poema decadentista --tEl caribe: puertas y ventanas a un vecindario sincrético --tCaribeños, la mirada dominicana de Edgardo Rodríguez Juliá --tEl Caribe contado por el cronista Edgardo Rodríguez Juliá --tComentarios y precisiones sobre el libro La evolución de la negritud literaria en República Dominicana de Dawn F. Stinchcomb --tHaití : miseria, negritud y masacre en Mi compadre el general Sol de Jacques Estéphen Alexis --rPensar al Caribe, para una discusión de lo caribeóo --tLos escenarios del tíguere (títere) --rEl efecto Enriquillo en la identidad del dominicano --tMiguel Enríquez : historias de un corsario que funda la mulatez en el Caribe --rLa negritud de Luis Palés Matos --tAlgunas consideraciones sobre La novela dominicana 1980-2009 de Avelino Stanley --tEl lenguaje en la novela dominicana a veinte amos de Sólo cenizas hallarás (bolero) --tEl nacimiento del narrador Frank Núñez en Adiós a la bohemia --tLa literatura en tránsito, la anticipación --tEn abril infancias mil de Maryse Renaud --tFamilia, etnicidad y heterotopía en El cuaderno granate de Maryse Renaud --tAmoricidio de Rey Emmanuel Andújar --tSujetos y predicados (El hijo de la mujer y diez cuentos más) de Eugenio García Cuevas --tLa persistencia del neorrealismo y la ciudad en Cóctel con frenesí de Emilia Pereyra --tNéstor Caro : el realismo social y la representación del campesino --tLa narrativa breve de Tomás López Ramírez en Cordial magia enemiga --tHistoria y mentalidad en En busca del pueblo dominicano de Juan José Ayuso --tLos desnudos de Juan Isidro Jimenes Grullón --tRubén Darío y la sacerdotista de Amón de Germán Espinoza --tEn el ferryboat un día cualquiera, alguien escribirá la historia de Alexis Gómez --tÁnjelamaría Dávila : una mujer dishilachada --0 aEl jíbaro de Nelson Miranda, un comentario liminar --tLa enseñanza de los clásicos, ¿es posible en la escuela de hoy? aPremio de ensayo " Pedro Heríquez Ureña" en su obra inédita: La escritura de Pedro Mir en 1995.